Baltimore Ravens: Top 10 All-Time Leaders - Statistics

General Stats
  • This quiz has been taken 223 times
    79 since last reset
  • The average score is 24 of 61
Answer Stats
Category # Player Amount % Correct
Passing Yards 2 Lamar Jackson 20,493
100%
Rushing Yards 2 Lamar Jackson 6,256
100%
Passing Yards 1 Joe Flacco 38,245
97%
Tackles 1 Ray Lewis 1,568
97%
Sacks 4 Ray Lewis 41.5
97%
Interceptions 2 Ray Lewis 31
97%
Rushing Yards 1 Jamal Lewis 7,801
94%
Receiving Yards 10 Michael Jackson 2,596
94%
Rushing Yards 6 Derrick Henry 2,113
80%
Tackles 3 Ed Reed 598
80%
Interceptions 1 Ed Reed 61
80%
Tackles 9 Jimmy Smith 324
76%
Interceptions 8 Jimmy Smith 14
76%
Tackles 2 Terrell Suggs 606
76%
Sacks 1 Terrell Suggs 132.5
76%
Receiving Yards 4 Torrey Smith 3,591
76%
Receiving Yards 2 Mark Andrews 5,537
73%
Rushing Yards 3 Ray Rice 6,180
52%
Receiving Yards 6 Ray Rice 3,034
52%
Passing Yards 4 Vinny Testaverde 7,148
50%
Tackles 8 Marlon Humphrey 360
48%
Interceptions 6 Marlon Humphrey 19
48%
Receiving Yards 1 Derrick Mason 5,777
39%
Passing Yards 3 Kyle Boller 7,846
39%
Passing Yards 5 Steve McNair 4,163
35%
Receiving Yards 9 Anquan Boldin 2,645
33%
Sacks 8 Nnamdi Madubuike 30.0
30%
Receiving Yards 3 Todd Heap 5,492
27%
Rushing Yards 4 Gus Edwards 3,395
26%
Interceptions T4 Rod Woodson 20
24%
Sacks 5 Adalius Thomas 38.5
21%
Passing Yards 7 Elvis Grbac 3,033
21%
Sacks 7 Matthew Judon 34.5
20%
Passing Yards 6 Tony Banks 3,714
20%
Rushing Yards 9 Chester Taylor 1,599
18%
Tackles 6 C.J. Mosley 387
18%
Interceptions T10 C.J. Mosley 9
18%
Tackles 4 Ladarius Webb 400
18%
Interceptions 7 Ladarius Webb 15
18%
Sacks 2 Peter Boulware 70.0
18%
Receiving Yards 8 Travis Taylor 2,758
18%
Rushing Yards 8 Justin Forsett 2,005
17%
Rushing Yards 7 Priest Holmes 2,102
17%
Rushing Yards 5 Willis McGahee 2,802
17%
Tackles 5 Chris McAlister 388
15%
Interceptions 3 Chris McAlister 26
15%
Sacks 6 Elvis Dumervil 35.5
14%
Rushing Yards 10 Bam Morris 1,511
12%
Interceptions 9 Eric Weddle 10
12%
Sacks 3 Michael McCrary 51.0
12%
Tackles 10 Bart Scott 322
11%
Passing Yards 10 Jeff Blake 2,084
11%
Receiving Yards 5 Mark Clayton 3,116
9%
Passing Yards 8 Anthony Wright 2,781
8%
Interceptions T10 Dawan Landry 9
8%
Tackles 7 Kelly Gregg 370
8%
Receiving Yards 7 Qadry Ismail 2,819
8%
Interceptions T4 Duane Starks 20
6%
Passing Yards 9 Eric Zeier 2,367
5%
Sacks 9 Rob Burnett 26.5
5%
Sacks 10 Trevor Pryce 26.0
5%
No matching quizzes found
Score Distribution
Percent of People with Each Score
Percentile by Number Answered
Your Score History
You have not taken this quiz since the last reset